[Event "8th EUR-ch"]
[Site "Dresden GER"]
[Date "2007.04.11"]
[Round "8.193"]
[White "Bruned, Vianney"]
[Black "Perlitz, Sven"]
[Result "0-1"]
[WhiteElo "1929"]
[BlackElo "2141"]
[EventDate "2007.04.03"]
[PlyCount "82"]

1.e4 c5 2.Nf3 Nc6 3.d4 cxd4 4.Nxd4 Nf6 5.Nc3 e5 6.Ndb5 d6 7.Bg5 a6 8.Na3 
b5 9.Nd5 Be7 10.Bxf6 Bxf6 11.c3 O-O 12.Bd3 Bg5 13.O-O Ne7 14.Nxe7+ Qxe7 
15.Nc2 f5 16.Ne3 Bxe3 17.fxe3 Qa7 18.Qf3 f4 19.Kh1 Qxe3 20.Qxe3 fxe3 21.
Rxf8+ Kxf8 22.Re1 Be6 23.a3 Ke7 24.Rxe3 Rf8 25.Kg1 Bc4 26.g3 g5 27.b4 Bb3 
28.Be2 Be6 29.a4 bxa4 30.Bxa6 a3 31.Re1 Rf3 32.Rc1 a2 33.Ra1 Rxc3 34.Bf1 
Rc2 35.Bd3 Rb2 36.b5 Bc4 37.Bxc4 Rb1+ 38.Kg2 Rxa1 39.Kh3 h5 40.b6 Kf6 41.
Bb5 g4+ 0-1

[Event "8th EUR-ch"]
[Site "Dresden GER"]
[Date "2007.04.11"]
[Round "8.194"]
[White "Gnirk, Torsten"]
[Black "Katte, Nicolas"]
[Result "1-0"]
[WhiteElo "2131"]
[BlackElo "1946"]
[EventDate "2007.04.03"]
[PlyCount "73"]

1.e4 e5 2.Nc3 Nf6 3.g3 Bc5 4.Bg2 O-O 5.Nge2 Nc6 6.O-O a6 7.Nd5 d6 8.c3 
Nxd5 9.exd5 Ne7 10.d4 Ba7 11.Be3 f5 12.dxe5 dxe5 13.Bxa7 Rxa7 14.f4 e4 15.
Qd4 Ra8 16.c4 Rf6 17.Rfd1 a5 18.Rac1 Raa6 19.Nc3 Bd7 20.Bf1 Rh6 21.c5 Rag6
22.Be2 Nc8 23.a3 Qh4 24.Qf2 Qe7 25.b4 axb4 26.axb4 e3 27.Qg2 Qf6 28.Bc4 
Kf8 29.Rd3 Na7 30.Re1 b5 31.Bb3 Qa6 32.Rdxe3 Qa3 33.Qe2 Rg4 34.Na2 Qa6 35.
d6 Qc6 36.Re8+ Bxe8 37.Qe7# 1-0

[Event "8th EUR-ch"]
[Site "Dresden GER"]
[Date "2007.04.12"]
[Round "9.9"]
[White "Minasian, Artashes"]
[Black "Georgiev, Kiril"]
[Result "1/2-1/2"]
[WhiteElo "2586"]
[BlackElo "2660"]
[EventDate "2007.04.03"]
[PlyCount "68"]

1.c4 Nf6 2.Nc3 e5 3.Nf3 Nc6 4.g3 d5 5.cxd5 Nxd5 6.Bg2 Nb6 7.Rb1 a5 8.O-O 
Be7 9.b3 O-O 10.Bb2 Be6 11.Rc1 f6 12.d4 Nxd4 13.Nxd4 exd4 14.Ne4 d3 15.
exd3 c6 16.Re1 Bd5 17.Bh3 Bf7 18.Bf5 a4 19.Qg4 Ra5 20.b4 h5 21.Qh3 Bxb4 
22.Re3 a3 23.Ba1 Nd5 24.Rf3 Qe7 25.g4 g6 26.gxh5 gxf5 27.Qxf5 Be8 28.Kh1 
Kh8 29.Rg1 Nc3 30.Qf4 Rxh5 31.Bxc3 Bxc3 32.Nxc3 Qe5 33.Qxe5 Rxe5 34.Ne4 c5
1/2-1/2

[Event "8th EUR-ch"]
[Site "Dresden GER"]
[Date "2007.04.12"]
[Round "9.12"]
[White "Kurnosov, Igor"]
[Black "Cheparinov, Ivan"]
[Result "1/2-1/2"]
[WhiteElo "2566"]
[BlackElo "2646"]
[EventDate "2007.04.03"]
[PlyCount "121"]

1.e4 c6 2.d4 d5 3.e5 Bf5 4.h4 h6 5.g4 Bd7 6.Nd2 e6 7.Nb3 a5 8.a4 Na6 9.Bd2
b6 10.Be3 h5 11.gxh5 Nh6 12.Ne2 Nf5 13.Ng3 Nxe3 14.fxe3 Qe7 15.e4 Nc7 16.
Bd3 c5 17.exd5 exd5 18.Bf5 c4 19.Nd2 Ne6 20.c3 O-O-O 21.Qf3 Be8 22.Bc2 g6 
23.O-O-O Bh6 24.Kb1 Kb8 25.hxg6 fxg6 26.Qg4 Nf4 27.e6 Qxe6 28.Qxe6 Nxe6 
29.Nf3 Nf4 30.Ne5 Rd6 31.Rdf1 Ng2 32.Nf7 Bxf7 33.Rxf7 Rf8 34.Rxf8+ Bxf8 
35.h5 gxh5 36.Rxh5 Nf4 37.Rh7 Re6 38.Rh8 Re1+ 39.Ka2 Re8 40.Nh5 Nxh5 41.
Rxh5 Rd8 42.Bd1 Kc7 43.Bf3 Kc6 44.b3 cxb3+ 45.Kxb3 Bg7 46.Kc2 Rd6 47.Kd3 
Rd7 48.c4 Kc7 49.Bxd5 Bf8 50.Rf5 Be7 51.Re5 Ba3 52.Rg5 Bc1 53.Rg6 Rd6 54.
Rg1 Ba3 55.Ke4 Rh6 56.Rg7+ Kd8 57.Rg4 Kc7 58.Bf7 Be7 59.Ke5 Bf6+ 60.Kf5 
Rh4 61.Ke4 1/2-1/2

[Event "8th EUR-ch"]
[Site "Dresden GER"]
[Date "2007.04.12"]
[Round "9.17"]
[White "Moiseenko, Alexander"]
[Black "Pavasovic, Dusko"]
[Result "0-1"]
[WhiteElo "2630"]
[BlackElo "2567"]
[EventDate "2007.04.03"]
[PlyCount "116"]

1.d4 d5 2.c4 e6 3.Nc3 c6 4.e4 dxe4 5.Nxe4 Bb4+ 6.Bd2 Qxd4 7.Bxb4 Qxe4+ 8.
Be2 Na6 9.Bd6 Qxg2 10.Qd2 Nf6 11.Bf3 Qg6 12.O-O-O e5 13.Ne2 Bg4 14.Rhg1 
O-O-O 15.Qe3 h5 16.h3 Rxd6 17.Rxd6 Nb4 18.Qb3 Qh6+ 19.Kd1 Bxf3 20.Qxf3 Qh7
21.Nc3 Qc2+ 22.Ke1 e4 23.Qf5+ Kb8 24.Rxg7 Nd3+ 25.Kf1 Qc1+ 26.Kg2 Nf4+ 27.
Kh2 Ng4+ 28.Rxg4 hxg4 29.Rd1 Rxh3+ 30.Kg1 Ne2+ 31.Kf1 Ng3+ 32.fxg3 Rh1+ 
33.Kg2 Rxd1 34.Nxd1 Qxd1 35.Qe5+ Kc8 36.Qe8+ Kc7 37.Qxf7+ Kb6 38.c5+ Kxc5 
39.Qxb7 Qf3+ 40.Kh2 Qf2+ 41.Kh1 Qf1+ 42.Kh2 Qh3+ 43.Kg1 Qxg3+ 44.Kf1 Qd3+ 
45.Ke1 a5 46.Qa7+ Kd6 47.Qxa5 Qb1+ 48.Kf2 Qxb2+ 49.Ke3 Qc1+ 50.Kxe4 Qc4+ 
51.Kf5 Qb5+ 52.Qxb5 cxb5 53.Kxg4 Kc5 54.Kg5 b4 55.Kg6 Kc4 56.Kf5 Kc3 57.
Ke4 Kb2 58.Kd3 Kxa2 0-1

[Event "8th EUR-ch"]
[Site "Dresden GER"]
[Date "2007.04.12"]
[Round "9.20"]
[White "Efimenko, Zahar"]
[Black "Zelcic, Robert"]
[Result "1/2-1/2"]
[WhiteElo "2620"]
[BlackElo "2554"]
[EventDate "2007.04.03"]
[PlyCount "87"]

1.e4 c6 2.d4 d5 3.e5 c5 4.dxc5 Nc6 5.Nf3 Bg4 6.Bb5 Qa5+ 7.Nc3 e6 8.Bd2 Qc7
9.b4 Ne7 10.O-O Ng6 11.h3 Bxf3 12.Qxf3 Be7 13.Rfe1 O-O 14.Bxc6 Qxc6 15.
Rab1 a5 16.a3 axb4 17.axb4 b6 18.cxb6 Qxb6 19.Qd3 Rfc8 20.Nb5 Rc4 21.Na3 
Rd4 22.Qe3 Bd8 23.Ra1 Re4 24.Qxb6 Rxe1+ 25.Bxe1 Bxb6 26.Bc3 Bc7 27.Nb5 
Rxa1+ 28.Bxa1 Bxe5 29.Bxe5 Nxe5 30.f4 Nc4 31.Kf2 Kf8 32.Ke2 Ke7 33.c3 f6 
34.Nd4 g6 35.Nc2 e5 36.Ne3 Nxe3 37.Kxe3 Kd6 38.fxe5+ fxe5 39.Kd3 g5 40.g4 
Kc6 41.c4 d4 42.Ke4 Kd6 43.Kd3 e4+ 44.Kxe4 1/2-1/2

[Event "8th EUR-ch"]
[Site "Dresden GER"]
[Date "2007.04.12"]
[Round "9.23"]
[White "Gajewski, Grzegorz"]
[Black "Predojevic, Borki"]
[Result "1-0"]
[WhiteElo "2540"]
[BlackElo "2609"]
[EventDate "2007.04.03"]
[PlyCount "89"]

1.d4 d5 2.c4 c6 3.Nf3 Nf6 4.Nc3 e6 5.Bg5 h6 6.Bh4 dxc4 7.e4 g5 8.Bg3 b5 9.
Be2 Bb7 10.O-O Nbd7 11.Ne5 h5 12.Nxd7 Qxd7 13.Be5 Rh6 14.Qc1 Rg6 15.Rd1 
Ng4 16.Bxg4 hxg4 17.b3 cxb3 18.axb3 f6 19.Bg3 Kf7 20.Qe3 a6 21.Rac1 Rc8 
22.Qe2 f5 23.Be5 Kg8 24.Rd3 Bg7 25.b4 Qf7 26.Bxg7 Rxg7 27.exf5 exf5 28.Re3
Rd8 29.Re1 Rxd4 30.Re8+ Kh7 31.Qe5 Rd7 32.Qc5 Rc7 33.h3 a5 34.hxg4 axb4 
35.R1e3 fxg4 36.Ne4 Re7 37.Nxg5+ Rxg5 38.R8xe7 Rxc5 39.Rxf7+ Kg6 40.Rxb7 
Rc1+ 41.Kh2 Kf5 42.Kg3 Rc3 43.Rf7+ Kg5 44.Rxc3 bxc3 45.Rc7 1-0

[Event "8th EUR-ch"]
[Site "Dresden GER"]
[Date "2007.04.12"]
[Round "9.26"]
[White "Vitiugov, Nikita"]
[Black "Manolache, Marius"]
[Result "1/2-1/2"]
[WhiteElo "2592"]
[BlackElo "2504"]
[EventDate "2007.04.03"]
[PlyCount "118"]

1.d4 Nf6 2.c4 d6 3.Nf3 g6 4.Nc3 Bg7 5.h3 a6 6.e4 O-O 7.Be3 c6 8.Qc2 b5 9.
Rd1 bxc4 10.Bxc4 Nbd7 11.O-O Nb6 12.Bd3 a5 13.Qe2 a4 14.Rfe1 Ne8 15.Bg5 
Nc7 16.Qe3 Rb8 17.Bh6 Ba6 18.Bxg7 Kxg7 19.Bxa6 Nxa6 20.h4 Nc7 21.Qc1 Qd7 
22.h5 Qg4 23.h6+ Kg8 24.e5 d5 25.Nh2 Qh4 26.g3 Qh3 27.Nf3 Ne6 28.Re2 Qh5 
29.Kg2 g5 30.Nh2 Rb7 31.b3 Ra8 32.Red2 axb3 33.axb3 Nd7 34.Ne2 Ra6 35.Qc3 
Rab6 36.Ra1 Ndf8 37.Nc1 Qxh6 38.Ra8 Rb8 39.Ra7 R6b7 40.Rxb7 Rxb7 41.Nd3 
Qg6 42.Nb4 Rb6 43.Nc2 g4 44.Qd3 h5 45.Nf1 Qe4+ 46.Qxe4 dxe4 47.b4 Ra6 48.
Nfe3 Nc7 49.Nf5 e6 50.Nd6 Ra2 51.Nxe4 Nd5 52.Kf1 Kg7 53.Ke2 Rb2 54.Kd3 Nd7
55.Rd1 N7b6 56.Ra1 Rb3+ 57.Ke2 Rb2 58.Kd3 Rb3+ 59.Ke2 Rb2 1/2-1/2

[Event "8th EUR-ch"]
[Site "Dresden GER"]
[Date "2007.04.12"]
[Round "9.34"]
[White "Gashimov, Vugar"]
[Black "Epishin, Vladimir"]
[Result "1-0"]
[WhiteElo "2644"]
[BlackElo "2559"]
[EventDate "2007.04.03"]
[PlyCount "83"]

1.e4 c6 2.d4 d5 3.Nd2 dxe4 4.Nxe4 Bf5 5.Ng3 Bg6 6.h4 h6 7.Nf3 Nd7 8.h5 Bh7
9.Bd3 Bxd3 10.Qxd3 Qc7 11.Bd2 Ngf6 12.O-O-O e6 13.Qe2 O-O-O 14.Ne5 Nb6 15.
Ba5 Rd5 16.Bxb6 axb6 17.Kb1 Rd8 18.f4 Bd6 19.Qf3 Rhe8 20.Rhe1 Kb8 21.c4 g6
22.hxg6 fxg6 23.Nxg6 Qh7 24.Qd3 Rg8 25.Rxe6 Qxg6 26.Ne4 Rge8 27.Rxd6 Qxe4 
28.Rxf6 Qxg2 29.d5 Re2 30.Qd4 Qe4+ 31.Qxe4 Rxe4 32.b3 b5 33.cxb5 cxd5 34.
b6 d4 35.f5 h5 36.Rf7 h4 37.f6 Rf4 38.Re1 h3 39.Rd7 Rf8 40.f7 Kc8 41.Rc7+ 
Kd8 42.Ree7 1-0

[Event "8th EUR-ch"]
[Site "Dresden GER"]
[Date "2007.04.12"]
[Round "9.38"]
[White "Smirnov, Pavel"]
[Black "Hillarp Persson, Tiger"]
[Result "1-0"]
[WhiteElo "2631"]
[BlackElo "2552"]
[EventDate "2007.04.03"]
[PlyCount "69"]

1.e4 c5 2.Nf3 d6 3.d4 cxd4 4.Nxd4 Nf6 5.Nc3 a6 6.Be3 e6 7.f3 b5 8.Qd2 b4 
9.Na4 Nbd7 10.c4 bxc3 11.Nxc3 Bb7 12.Be2 d5 13.exd5 Nxd5 14.Nxd5 Bxd5 15.
Rc1 Bd6 16.Nf5 Be5 17.f4 Qf6 18.O-O Qxf5 19.fxe5 Qg6 20.Bd3 Qh5 21.Qb4 
Qxe5 22.Rfe1 Qb8 23.Qa4 Qxb2 24.Re2 Qb7 25.Qa3 Qb8 26.Rec2 Qd8 27.Rc7 f6 
28.Bxa6 Kf7 29.Qd6 Rxa6 30.Rxd7+ Qxd7 31.Qxd7+ Kg6 32.Rc7 Rb8 33.Qxg7+ Kf5
34.Qxh7+ Ke5 35.Rc1 1-0

[Event "8th EUR-ch"]
[Site "Dresden GER"]
[Date "2007.04.12"]
[Round "9.39"]
[White "Najer, Evgeniy"]
[Black "Bobras, Piotr"]
[Result "1-0"]
[WhiteElo "2624"]
[BlackElo "2545"]
[EventDate "2007.04.03"]
[PlyCount "69"]

1.e4 c5 2.Nf3 d6 3.d4 cxd4 4.Nxd4 Nf6 5.Nc3 a6 6.Be3 e5 7.Nb3 Be6 8.Qd2 
Be7 9.O-O-O Nbd7 10.f3 O-O 11.g4 b5 12.g5 b4 13.gxf6 bxc3 14.Qxc3 Nxf6 15.
Na5 d5 16.Nc6 d4 17.Nxd8 dxc3 18.Nxe6 cxb2+ 19.Kxb2 Rfb8+ 20.Kc1 fxe6 21.
Rd3 Kf7 22.Rb3 a5 23.Be2 a4 24.Rb5 Ba3+ 25.Kd2 Bb2 26.c3 Rxb5 27.Bxb5 Rc8 
28.c4 Ne8 29.c5 Ba3 30.Ke2 Rb8 31.Bxa4 Rb2+ 32.Kd3 Rxa2 33.Rb1 Rb2 34.Ra1 
Bb4 35.Bc2 1-0

[Event "8th EUR-ch"]
[Site "Dresden GER"]
[Date "2007.04.12"]
[Round "9.40"]
[White "Evdokimov, Alexander"]
[Black "Postny, Evgeny"]
[Result "1/2-1/2"]
[WhiteElo "2530"]
[BlackElo "2622"]
[EventDate "2007.04.03"]
[PlyCount "50"]

1.d4 Nf6 2.c4 e6 3.Nf3 d5 4.Nc3 Bb4 5.Bg5 dxc4 6.e3 b5 7.a4 c6 8.Be2 Nbd7 
9.O-O Qb6 10.Qc2 O-O 11.e4 Bb7 12.Be3 Ng4 13.Bd2 Be7 14.e5 c5 15.Nxb5 cxd4
16.Nfxd4 Ngxe5 17.a5 Qd8 18.a6 Bd5 19.Nc3 Nc5 20.Be3 Rc8 21.Rfd1 Ned3 22.
Nxd5 Qxd5 23.Bf3 Qd7 24.b4 Nxb4 25.Qxc4 Ncxa6 1/2-1/2

[Event "8th EUR-ch"]
[Site "Dresden GER"]
[Date "2007.04.12"]
[Round "9.41"]
[White "Graf, Alexander"]
[Black "Mastrovasilis, Dimitrios"]
[Result "1/2-1/2"]
[WhiteElo "2620"]
[BlackElo "2546"]
[EventDate "2007.04.03"]
[PlyCount "59"]

1.d4 d5 2.c4 c6 3.Nc3 Nf6 4.cxd5 cxd5 5.Bf4 Nc6 6.e3 a6 7.Be2 e6 8.Nf3 Be7
9.Nd2 O-O 10.O-O Bd7 11.Nb3 Na5 12.Nc5 Bc6 13.b4 Nc4 14.a4 b5 15.Ra2 Nd7 
16.Bd3 Nxc5 17.dxc5 Bf6 18.Qc2 Bxc3 19.Qxc3 bxa4 20.e4 a5 21.Bxc4 dxc4 22.
Qxc4 axb4 23.Qxb4 Qa5 24.Qd4 Rfd8 25.Bd6 Rab8 26.Qe5 Rb7 27.Ra3 Kh8 28.h4 
Qb4 29.Rfa1 f6 30.Qxe6 1/2-1/2

[Event "8th EUR-ch"]
[Site "Dresden GER"]
[Date "2007.04.12"]
[Round "9.43"]
[White "Hracek, Zbynek"]
[Black "Naumann, Alexander"]
[Result "1-0"]
[WhiteElo "2613"]
[BlackElo "2543"]
[EventDate "2007.04.03"]
[PlyCount "119"]

1.e4 c5 2.Nf3 d6 3.d4 cxd4 4.Nxd4 Nf6 5.Nc3 a6 6.Bg5 e6 7.f4 Nbd7 8.Qf3 
Qc7 9.O-O-O b5 10.Bd3 Bb7 11.Rhe1 Qb6 12.Nd5 Qxd4 13.Bxf6 gxf6 14.Bxb5 Qc5
15.Nxf6+ Kd8 16.Nxd7 Qxb5 17.Nxf8 Rxf8 18.Qa3 Ke8 19.Qxd6 Qc6 20.Qa3 Rg8 
21.g3 Rd8 22.f5 Qc7 23.Qa4+ Ke7 24.Qb4+ Kf6 25.e5+ Kg7 26.fxe6 fxe6 27.
Qg4+ Kh8 28.Qxe6 Rde8 29.Qf6+ Qg7 30.c4 Bc8 31.Kc2 Re6 32.Qxg7+ Kxg7 33.
Kc3 Rge8 34.Rd5 Kg6 35.Kd4 Bb7 36.Rd7 Bc6 37.Rc7 Ba8 38.b4 Rd8+ 39.Kc3 Rf8
40.Ra7 Bg2 41.Rd1 Rf3+ 42.Rd3 Rxd3+ 43.Kxd3 Bf1+ 44.Kd4 Rc6 45.c5 Bb5 46.
Rd7 h5 47.Rd6+ Kf5 48.Kd5 Rc8 49.c6 Kg4 50.Kc5 Kf5 51.Rh6 Kg5 52.Rf6 Re8 
53.h4+ Kg4 54.e6 Kxg3 55.c7 Kxh4 56.e7 Rc8 57.Kd6 Kg5 58.Rf8 Be8 59.Rxe8 
Rxe8 60.Kd7 1-0

[Event "8th EUR-ch"]
[Site "Dresden GER"]
[Date "2007.04.12"]
[Round "9.44"]
[White "Kuzubov, Yuriy"]
[Black "Fedorov, Alexei"]
[Result "1-0"]
[WhiteElo "2545"]
[BlackElo "2611"]
[EventDate "2007.04.03"]
[PlyCount "81"]

1.d4 Nf6 2.c4 g6 3.Nc3 Bg7 4.e4 d6 5.f3 O-O 6.Be3 e5 7.Nge2 c6 8.d5 c5 9.
Qd2 a6 10.a3 Ne8 11.g4 b5 12.Ng3 bxc4 13.Bxc4 Nc7 14.a4 Nd7 15.O-O Rb8 16.
b3 Kh8 17.Kh1 Nb6 18.Be2 Bd7 19.Rad1 Nc8 20.Bc4 Nb6 21.Bd3 Nc8 22.Qc2 Qh4 
23.Qd2 h6 24.Rb1 Kh7 25.Nce2 Rb4 26.Qc2 f5 27.gxf5 gxf5 28.exf5 Kh8 29.Be4
Nb6 30.Rbd1 a5 31.Bd2 Ncxd5 32.Qd3 Rd4 33.Nxd4 exd4 34.Qa6 Bc8 35.Qa7 Qe7 
36.Qxa5 Bb7 37.Qb5 Na8 38.Rfe1 Qd8 39.Ba5 Ba6 40.Qc6 Qc8 41.Qxd6 1-0

[Event "8th EUR-ch"]
[Site "Dresden GER"]
[Date "2007.04.12"]
[Round "9.45"]
[White "Kozul, Zdenko"]
[Black "Jankovic, Alojzije"]
[Result "0-1"]
[WhiteElo "2610"]
[BlackElo "2541"]
[EventDate "2007.04.03"]
[PlyCount "100"]

1.d4 d5 2.c4 c6 3.e3 Nf6 4.Nc3 a6 5.Nf3 b5 6.c5 g6 7.Bd3 Bg7 8.h3 O-O 9.
O-O a5 10.Re1 Nbd7 11.a3 Qc7 12.e4 dxe4 13.Nxe4 Nxe4 14.Rxe4 e5 15.Nxe5 
Nxe5 16.Bf4 f6 17.dxe5 fxe5 18.Bg5 a4 19.Re2 Bf5 20.Be4 h6 21.Bh4 Bxe4 22.
Rxe4 g5 23.Bg3 Rad8 24.Qc2 Rd5 25.Re2 Qe7 26.Rc1 Rfd8 27.f3 Qd7 28.Qg6 Qe8
29.Qc2 Qd7 30.Rce1 Qe7 31.Bf2 Rd3 32.Re4 Rd2 33.Qc1 Qd7 34.h4 Qd3 35.hxg5 
hxg5 36.Bg3 Rd5 37.Kh1 Bf6 38.Bh2 Rc2 39.Qb1 Rdxc5 40.R4e3 Qd2 41.R3e2 
Qxe2 42.Rxe2 Rc1+ 43.Re1 Rxb1 44.Rxb1 Rc2 45.Bg3 e4 46.fxe4 Bxb2 47.Bd6 
Kf7 48.Kh2 Ke6 49.Bb4 c5 50.Be1 b4 0-1

[Event "8th EUR-ch"]
[Site "Dresden GER"]
[Date "2007.04.12"]
[Round "9.48"]
[White "Yakovich, Yuri"]
[Black "Neverov, Valeriy"]
[Result "1/2-1/2"]
[WhiteElo "2600"]
[BlackElo "2540"]
[EventDate "2007.04.03"]
[PlyCount "76"]

1.c4 c5 2.Nf3 Nc6 3.Nc3 Nf6 4.d4 cxd4 5.Nxd4 g6 6.e4 Nxd4 7.Qxd4 d6 8.Be2 
Bg7 9.Be3 O-O 10.Qd2 Be6 11.O-O Qa5 12.Rab1 Rfc8 13.b3 Ng4 14.Nd5 Qxd2 15.
Bxd2 Kf8 16.Bg5 Nf6 17.Nxf6 Bxf6 18.Bxf6 exf6 19.Rfd1 Rc6 20.f4 a5 21.Rd4 
a4 22.Kf2 axb3 23.axb3 Ra2 24.Ke3 Rca6 25.Bf3 Ke7 26.Rd2 Rxd2 27.Kxd2 g5 
28.f5 Ra2+ 29.Kc3 Bd7 30.Rb2 Rxb2 31.Kxb2 b6 32.Kc3 Kd8 33.Kd4 Bc6 34.Bh5 
Ke7 35.Ke3 Bb7 36.Bf3 Ke8 37.Kd4 Kd8 38.Kc3 Bc6 1/2-1/2

[Event "8th EUR-ch"]
[Site "Dresden GER"]
[Date "2007.04.12"]
[Round "9.50"]
[White "Jones, Gawain"]
[Black "Nataf, Igor-Alexandre"]
[Result "1/2-1/2"]
[WhiteElo "2518"]
[BlackElo "2596"]
[EventDate "2007.04.03"]
[PlyCount "91"]

1.e4 c5 2.Nc3 e6 3.f4 d5 4.Nf3 Nc6 5.Bb5 Ne7 6.exd5 exd5 7.Qe2 g6 8.Ne5 
Be6 9.b3 Rc8 10.Bb2 Rg8 11.O-O-O a6 12.Bxc6+ Nxc6 13.Nxc6 Rxc6 14.g4 Be7 
15.Rde1 d4 16.Ne4 Qd7 17.Rhg1 Kd8 18.d3 Re8 19.Kb1 Bh4 20.Ref1 f5 21.gxf5 
Bxf5 22.Qd2 Kc8 23.Ng3 Rce6 24.Nxf5 gxf5 25.Qa5 Qc7 26.Qxc7+ Kxc7 27.Rg7+ 
R8e7 28.Rxe7+ Rxe7 29.c3 Bf6 30.cxd4 Bxd4 31.Bxd4 cxd4 32.Rg1 Kc6 33.Rg5 
Re1+ 34.Kb2 Re2+ 35.Ka3 Rxh2 36.Rxf5 Rh3 37.Kb4 Rxd3 38.Kc4 Rd1 39.Rf6+ 
Kc7 40.Rh6 d3 41.Rxh7+ Kc6 42.Rh6+ Kc7 43.Rf6 Kd7 44.f5 b5+ 45.Kd4 a5 46.
Ra6 1/2-1/2

[Event "8th EUR-ch"]
[Site "Dresden GER"]
[Date "2007.04.12"]
[Round "9.52"]
[White "Babula, Vlastimil"]
[Black "Maze, Sebastien"]
[Result "1-0"]
[WhiteElo "2586"]
[BlackElo "2506"]
[EventDate "2007.04.03"]
[PlyCount "61"]

1.d4 e6 2.c4 Bb4+ 3.Bd2 a5 4.Nf3 d6 5.Nc3 f5 6.g3 Nf6 7.Bg2 O-O 8.O-O Nc6 
9.a3 Bxc3 10.Bxc3 Ne4 11.Qc2 a4 12.Nd2 Nxc3 13.bxc3 e5 14.e3 Bd7 15.Rab1 
b6 16.Bd5+ Kh8 17.f4 e4 18.c5 bxc5 19.dxc5 Ra5 20.Bxc6 Bxc6 21.cxd6 cxd6 
22.Rb4 Rd5 23.Rd4 Qd7 24.Rxd5 Bxd5 25.Rb1 h6 26.Rb4 Ra8 27.Qb2 Qa7 28.Kf2 
Kg8 29.Rb5 Be6 30.Rb7 Qc5 31.c4 1-0

[Event "8th EUR-ch"]
[Site "Dresden GER"]
[Date "2007.04.12"]
[Round "9.54"]
[White "Savchenko, Boris"]
[Black "Holzke, Frank"]
[Result "1/2-1/2"]
[WhiteElo "2583"]
[BlackElo "2467"]
[EventDate "2007.04.03"]
[PlyCount "73"]

1.d4 d5 2.c4 c6 3.Nf3 Nf6 4.Nc3 dxc4 5.a4 Bf5 6.e3 e6 7.Bxc4 Bb4 8.O-O O-O
9.Qe2 Nbd7 10.Nh4 Rc8 11.Na2 Bd6 12.b4 Bxh2+ 13.Kxh2 Ng4+ 14.Kg3 Ndf6 15.
Nxf5 exf5 16.Kh3 c5 17.f3 Qd6 18.g3 Nh5 19.Rg1 Nxg3 20.Rxg3 Qh6+ 21.Kg2 
Qh2+ 22.Kf1 Qxg3 23.fxg4 cxd4 24.Bd3 dxe3 25.Qg2 Qf4+ 26.Ke2 Rfd8 27.Bxe3 
Qe5 28.Rh1 f4 29.Qe4 Qxe4 30.Bxe4 Re8 31.Bxa7 Rxe4+ 32.Kd3 Re6 33.Nc3 b6 
34.Nb5 Rd8+ 35.Kc3 Rc6+ 36.Kb3 Rd3+ 37.Ka2 1/2-1/2

[Event "8th EUR-ch"]
[Site "Dresden GER"]
[Date "2007.04.12"]
[Round "9.55"]
[White "Murariu, Andrei"]
[Black "Sedlak, Nikola"]
[Result "0-1"]
[WhiteElo "2498"]
[BlackElo "2575"]
[EventDate "2007.04.03"]
[PlyCount "92"]

1.e4 e6 2.d4 d5 3.Nd2 c5 4.Ngf3 cxd4 5.exd5 Qxd5 6.Bc4 Qd6 7.O-O Nf6 8.Nb3
Nc6 9.Nbxd4 Nxd4 10.Nxd4 a6 11.Bb3 Bd7 12.c3 O-O-O 13.Bg5 Qc5 14.Bxf6 gxf6
15.Qf3 f5 16.Qh5 Be8 17.a4 f4 18.Bd1 Qxh5 19.Bxh5 Rg8 20.Rfd1 Rg5 21.Bf3 
e5 22.Nb3 Rxd1+ 23.Bxd1 f5 24.f3 e4 25.Kf1 Bd7 26.Bc2 Be6 27.Nd4 Bc4+ 28.
Kg1 Bd5 29.h4 Rg8 30.Kh2 Bc5 31.Rd1 Rd8 32.b4 Bxd4 33.Rxd4 Bc6 34.Rxd8+ 
Kxd8 35.Kg1 b6 36.Kf2 a5 37.Bd1 Ke7 38.g3 e3+ 39.Kg2 e2 40.Bxe2 Bxa4 41.
bxa5 bxa5 42.Bd3 Bd7 43.g4 a4 44.c4 a3 45.Bb1 fxg4 46.fxg4 Bxg4 0-1

[Event "8th EUR-ch"]
[Site "Dresden GER"]
[Date "2007.04.12"]
[Round "9.56"]
[White "Solak, Dragan"]
[Black "Siebrecht, Sebastian"]
[Result "1-0"]
[WhiteElo "2575"]
[BlackElo "2464"]
[EventDate "2007.04.03"]
[PlyCount "109"]

1.c4 e5 2.Nc3 Nf6 3.Nf3 Nc6 4.g3 Bb4 5.Bg2 O-O 6.O-O Re8 7.Nd5 Bf8 8.d3 h6
9.h3 a5 10.b3 Nxd5 11.cxd5 Nb4 12.e4 c6 13.a3 Na6 14.Bb2 d6 15.dxc6 bxc6 
16.d4 exd4 17.Nxd4 Bd7 18.Rc1 Rc8 19.Qd2 Nc5 20.Rfe1 Qb6 21.Re3 Be6 22.
Nxe6 Nxe6 23.Bc3 Ra8 24.Kh2 d5 25.exd5 cxd5 26.Bxd5 Bxa3 27.Ra1 Bc5 28.Rd3
Ra7 29.Bxa5 Qb5 30.Bc4 Qc6 31.b4 Bb6 32.Bxe6 Qxe6 33.Raa3 Bxa5 34.bxa5 Qc4
35.Rd8 Rxd8 36.Qxd8+ Kh7 37.Qd2 Qf1 38.Qc2+ g6 39.Qb2 Rd7 40.Ra1 Qa6 41.
Qb6 Rd6 42.Qxa6 Rxa6 43.Kg2 Kg7 44.Kf3 Kf6 45.Ke4 Ke6 46.g4 f5+ 47.gxf5+ 
gxf5+ 48.Kd4 Kd6 49.f4 Ke6 50.Kc5 Kd7 51.Kb5 Ra8 52.a6 Rb8+ 53.Kc5 Kc7 54.
a7 Ra8 55.Kd5 1-0

[Event "8th EUR-ch"]
[Site "Dresden GER"]
[Date "2007.04.12"]
[Round "9.57"]
[White "Stern, Rene"]
[Black "Brkic, Ante"]
[Result "1-0"]
[WhiteElo "2476"]
[BlackElo "2567"]
[EventDate "2007.04.03"]
[PlyCount "159"]

1.d4 Nf6 2.c4 g6 3.Nc3 d5 4.e3 Bg7 5.Nf3 O-O 6.Be2 c5 7.dxc5 dxc4 8.Qxd8 
Rxd8 9.Bxc4 Nbd7 10.c6 bxc6 11.Bd2 Ng4 12.Be2 Nde5 13.Nxe5 Bxe5 14.Nd1 Rb8
15.Ba5 Rd5 16.Bc3 Bxc3+ 17.Nxc3 Ra5 18.O-O-O Be6 19.Bxg4 Bxg4 20.Rd4 Be6 
21.Kb1 Kg7 22.Rc1 Rc5 23.f3 h6 24.Rd2 Rb4 25.Ne2 Ra5 26.b3 c5 27.Nf4 Kf6 
28.Nd5+ Bxd5 29.Rxd5 Rbb5 30.Kb2 Ke6 31.e4 Kf6 32.Rc4 e6 33.Rd2 Ke7 34.e5 
Rb7 35.Kc3 g5 36.h4 Rb8 37.hxg5 hxg5 38.Rg4 c4 39.Rxc4 Rxe5 40.Rc7+ Kf6 
41.Rxa7 Re3+ 42.Kb2 Kg6 43.Rc7 f5 44.Rc3 Re1 45.Rcc2 Rb6 46.Re2 Rd1 47.
Rcd2 Rg1 48.a4 Ra6 49.Rd8 Kf6 50.Rb8 Kg6 51.Rb5 Kh5 52.Rb4 f4 53.Rb8 Kg6 
54.Rb5 Kh5 55.a5 Kh4 56.b4 Rd1 57.Rb8 Kh5 58.Re8 Rdd6 59.Kb3 Rac6 60.Ka4 
Kg6 61.Rb8 Kf6 62.Kb5 Rc3 63.Rb6 Rd5+ 64.Ka6 Re3 65.Ra2 g4 66.fxg4 Kg5 67.
b5 e5 68.Rb8 Rb3 69.Rg8+ Kh4 70.b6 e4 71.g5 Kh5 72.g6 e3 73.g7 Kg6 74.Rf8 
Kxg7 75.Rxf4 Re5 76.Rf1 Kg6 77.Re1 Kg5 78.Ree2 Kg4 79.Reb2 Rd3 80.b7 1-0

[Event "8th EUR-ch"]
[Site "Dresden GER"]
[Date "2007.04.12"]
[Round "9.60"]
[White "Van Wely, Loek"]
[Black "Jovanovic, Zoran"]
[Result "1-0"]
[WhiteElo "2674"]
[BlackElo "2529"]
[EventDate "2007.04.03"]
[PlyCount "61"]

1.d4 Nf6 2.c4 e6 3.Nf3 Bb4+ 4.Nbd2 d6 5.a3 Bxd2+ 6.Qxd2 Qe7 7.b4 e5 8.dxe5
dxe5 9.Bb2 Nbd7 10.e3 a5 11.c5 axb4 12.axb4 Rxa1+ 13.Bxa1 e4 14.Nd4 Ne5 
15.Be2 O-O 16.h3 Bd7 17.O-O Ra8 18.Rd1 h6 19.Bb2 Ra2 20.Qc3 Ng6 21.b5 Qe5 
22.c6 bxc6 23.bxc6 Bxh3 24.gxh3 Qg5+ 25.Kh2 Qh4 26.Rf1 Nd5 27.Qb3 Ndf4 28.
exf4 Nxf4 29.Bg4 Ra8 30.Nf5 Qg5 31.Bxg7 1-0

[Event "8th EUR-ch"]
[Site "Dresden GER"]
[Date "2007.04.12"]
[Round "9.62"]
[White "David, Alberto"]
[Black "Sargissian, Gabriel"]
[Result "1/2-1/2"]
[WhiteElo "2525"]
[BlackElo "2651"]
[EventDate "2007.04.03"]
[PlyCount "78"]

1.e4 e5 2.Nf3 Nc6 3.Bb5 Nf6 4.O-O Nxe4 5.d4 Nd6 6.Bxc6 dxc6 7.dxe5 Nf5 8.
Qxd8+ Kxd8 9.Nc3 h6 10.Rd1+ Ke8 11.h3 Be7 12.g4 Nh4 13.Nxh4 Bxh4 14.Kg2 
Be7 15.Ne2 a5 16.a4 f5 17.exf6 Bxf6 18.Nf4 Kf7 19.Ra3 b5 20.Nh5 b4 21.Rad3
Be6 22.Nf4 Rhd8 23.Nxe6 Rxd3 24.Rxd3 Kxe6 25.b3 c5 26.Bf4 Ra7 27.Kf3 Bd4 
28.Ke4 c6 29.Be3 Bxe3 30.Kxe3 g5 31.Rd8 Rf7 32.Rh8 Rf6 33.f3 c4 34.bxc4 
Kd6 35.Ke4 Rf4+ 36.Ke3 Rf6 37.Ke4 Rf4+ 38.Ke3 Rf6 39.Ke4 Rf4+ 1/2-1/2

[Event "8th EUR-ch"]
[Site "Dresden GER"]
[Date "2007.04.12"]
[Round "9.66"]
[White "Slobodjan, Roman"]
[Black "Alexandrov, Alexei"]
[Result "1/2-1/2"]
[WhiteElo "2525"]
[BlackElo "2609"]
[EventDate "2007.04.03"]
[PlyCount "65"]

1.e4 e5 2.Nf3 Nc6 3.Bb5 Nf6 4.O-O Nxe4 5.d4 Nd6 6.dxe5 Nxb5 7.a4 Nbd4 8.
Nxd4 Nxd4 9.Qxd4 d5 10.exd6 Qxd6 11.Qe3+ Be7 12.Nc3 c6 13.Re1 Be6 14.Ne4 
Qe5 15.Ng5 Qxe3 16.Bxe3 Bxg5 17.Bxg5 O-O 18.a5 Rae8 19.f3 f6 20.Be3 a6 21.
Bb6 Bf5 22.c3 Kf7 23.Kf2 h5 24.h4 Rxe1 25.Rxe1 Re8 26.Rxe8 Kxe8 27.Ke3 Kd7
28.Kd4 g6 29.Bc5 Bc2 30.Bf8 Ke6 31.Bg7 f5 32.Be5 Kd7 33.f4 1/2-1/2

[Event "8th EUR-ch"]
[Site "Dresden GER"]
[Date "2007.04.12"]
[Round "9.67"]
[White "Nijboer, Friso"]
[Black "Erdos, Viktor"]
[Result "1/2-1/2"]
[WhiteElo "2606"]
[BlackElo "2518"]
[EventDate "2007.04.03"]
[PlyCount "85"]

1.e4 e6 2.d4 d5 3.Nc3 dxe4 4.Nxe4 Nd7 5.Nf3 Ngf6 6.Nxf6+ Nxf6 7.c3 c5 8.
Be3 Qc7 9.Ne5 a6 10.Be2 Bd6 11.Nc4 Be7 12.dxc5 Bxc5 13.Bxc5 Qxc5 14.Qd6 
Qxd6 15.Nxd6+ Ke7 16.O-O-O Rb8 17.Rhe1 Rd8 18.Nxc8+ Rdxc8 19.Rd4 Rc5 20.f4
h6 21.Kc2 g5 22.g3 a5 23.a3 Rbc8 24.Bd3 b6 25.Kd2 Nd7 26.a4 Nf6 27.f5 R8c6
28.fxe6 fxe6 29.Bb5 Rd6 30.Rxd6 Kxd6 31.Bd3 Ng4 32.Be2 Rd5+ 33.Kc1 Nf6 34.
Kc2 Re5 35.Rd1+ Nd5 36.Bf3 Kc5 37.Bxd5 exd5 38.Kd3 Rf5 39.Rd2 g4 40.b3 
Rf3+ 41.Kc2 h5 42.Re2 Rf1 43.Kb2 1/2-1/2